000 00470nam a22001817a 4500
003 CEME
005 20210628202532.0
008 210121b xxu||||| |||| 00| 0 eng d
020 _a0-07-135526-X
040 _c.
082 _a910.916365 CAR
100 _aCarrier , Jim
_960395
245 _aThe ship and the storm
260 _aNEW YORK
_bMCGRAW HILL
_c2000
300 _a263 P
650 _aFANTOME (SCHOONER), SHIPWRECKS- CARIBBEAN SEA
_960396
942 _cBK
_2ddc
999 _c570125
_d570125